| 000 | 00437nam a2200181Ia 4500 | ||
|---|---|---|---|
| 001 | 15678 | ||
| 005 | 20260306170213.0 | ||
| 008 | 260306t2015||||xx |||||||||||||| ||und|| | ||
| 041 | _aESP | ||
| 082 |
_a572.437 _bG81 |
||
| 100 |
_aGrimnes, Sverre _eAUT |
||
| 245 | 0 | _aBioimpedance and bioelectricity basics | |
| 260 | _c2015 | ||
| 300 |
_axx, 563 páginas : _c24 cm. |
||
| 650 | _aGEN | ||
| 654 | _aCCS | ||
| 942 |
_cLIB _dJUS _fJUS _2ddc _n |
||
| 999 |
_c15678 _d15678 |
||